00707 2200265 4500001002100000005001500021035002000036007000300056008004100059020002200100082000800122084001400130100001500144245009600159260003700255300002400292650000900316700002000325990001600345990001600361990001600377990001600393990001600409990001600425INLIS00000000000060420240812105015 a0010-1018000049ta240812 0 ind  a978-602-9129-60-1 a616 a616 HAR i0 aHartono R.1 aISPA: gangguan pernafasan pada anak :bpenduan bagi tenaga kesehatan dan umum /cHartono R. aYogyakarta :bNuha Medika,c2012 aviii,91p. ;c20 cm. 4aISPA0 aDwi Rahmawati H a00000002448 a00000002449 a00000002450 a00000002451 a00000004470 a00000000879